[Event "Hamar CC-ch"]
[Site "Hamar"]
[Date "2009.01.22"]
[Round "2"]
[White "Kristiansen, Ole Jakob"]
[Black "Pettersen, Henning"]
[Result "0-1"]
[WhiteElo "1759"]
[BlackElo "1703"]
[PlyCount "82"]
[EventDate "2009.01.08"]
[EventType "swiss"]
[EventRounds "9"]
[EventCountry "NOR"]
[SourceTitle "EXT 2024"]
[Source "ChessBase"]
[SourceDate "2023.10.10"]
[SourceVersion "1"]
[SourceVersionDate "2023.10.10"]
[SourceQuality "1"]

1. c4 Nf6 2. Nc3 e6 3. e4 d5 4. e5 d4 5. exf6 dxc3 6. bxc3 Qxf6 7. d4 c5 8. Nf3 h6 9. Bd3 Bd6 10. Be3 0-0 11. 0-0 Nd7 12. Bc2 Qe7 13. Qd3 Nf6 14. Ne5 b6 15. Bf4 Bb7 16. Rae1 Rfe8 17. Bg3 Rad8 18. f4 cxd4 19. cxd4 Bb4 20. Kh1 Bxe1 21. Rxe1 Ba8 22. Ng4 Ne4 23. Rxe4 Bxe4 24. Qxe4 f5 25. Qd3 fxg4 26. Qh7+ Kf8 27. Be1 a5 28. Qh8+ Kf7 29. Qh7 Qf6 30. Bc3 Rh8 31. Qe4 Rd7 32. Qe3 g5 33. d5 e5 34. Bxe5 Re7 35. Qd3 Rxe5 36. fxe5 Qxe5 37. Qf5+ Qxf5 38. Bxf5 Re8 39. Kg1 h5 40. Kf2 Kf6 41. Bd7 Re7 0-1